000 00617nam a22001817a 4500
003 LK-CoMWRAF
005 20240527123638.0
008 240527b2003 |||||||| |||| 00| 0 eng d
040 _aLK-CoMWRAF
_dLK-CoMWRAF
_eLK-CoMWRAF
041 _aeng
082 _a926.1
_bFAC
110 _aFaculty of Medicine, Department of surgery
245 _aSalutemu virum bonum= let us salute a good man:
_ba tribute to professor Abdul Haleem Sheriffdeen
260 _a[Colombo]:
_b[Faculty of Medicine, Department of surgery],
_c2003
300 _a57 p., photos
650 _aBIOGRAPHIES-Medical practitioners-Sri Lanka
942 _cBK
999 _c4894
_d4894